|
|
|
|
| LEADER |
01666nam a22004092i 4500 |
| 001 |
001541446 |
| 003 |
CZ BrMZK |
| 005 |
20250812105053.0 |
| 007 |
ta |
| 008 |
160902s1941 xr er|||||||||||cze d |
| 015 |
|
|
|a cnb000813441
|
| 035 |
|
|
|a (OCoLC)85695141
|
| 040 |
|
|
|a ABA001
|b cze
|c ULG001
|d ABA001
|d BOA001
|e rda
|
| 072 |
|
7 |
|a 821.162.3
|x Česká literatura
|2 Konspekt
|9 25
|
| 080 |
|
|
|a 821.162.3-051
|2 MRF
|
| 080 |
|
|
|a 821.162.3-1-051
|2 MRF
|
| 080 |
|
|
|a 929
|2 MRF
|
| 080 |
|
|
|a (082.2)
|2 MRF
|
| 100 |
1 |
|
|a Kruis, Jaro,
|d 1889-1955
|7 jk01063535
|4 aut
|
| 245 |
1 |
0 |
|a Viktor Hánek, básník víry a lásky :
|b zdravice k padesátým narozeninám českého básníka /
|c napsali: Jaro Kruis, Josef Laube, F.X. Svoboda, R.F. Šimek
|
| 264 |
|
1 |
|a V Moravské Ostravě :
|b Knihovna Literárního kruhu,
|c 1941
|
| 300 |
|
|
|a 17 stran ;
|c 8°
|
| 336 |
|
|
|a text
|b txt
|2 rdacontent
|
| 337 |
|
|
|a bez média
|b n
|2 rdamedia
|
| 338 |
|
|
|a svazek
|b nc
|2 rdacarrier
|
| 600 |
1 |
7 |
|a Hánek, Viktor,
|d 1891-1954
|7 jk01033389
|
| 650 |
0 |
7 |
|a čeští spisovatelé
|7 ph128175
|y 20. století
|2 czenas
|
| 650 |
0 |
7 |
|a čeští básníci
|7 ph128168
|y 20. století
|2 czenas
|
| 655 |
|
7 |
|a jubilejní publikace
|7 fd131839
|2 czenas
|
| 700 |
1 |
|
|a Laube, Josef,
|d 1894-
|7 jk01071639
|4 aut
|
| 700 |
1 |
|
|a Svoboda, F. X.,
|d 1860-1943
|7 jk01121960
|4 aut
|
| 700 |
1 |
|
|a Šimek, Rudolf František,
|d 1906-1962
|7 jk01130056
|4 aut
|
| 910 |
|
|
|a BOA001
|b X-0883.513
|b 2-0156.657
|
| 990 |
|
|
|a BK
|
| 991 |
|
|
|b 201608
|
| 996 |
6 |
|
|b 2619171693
|c X-0883.513
|l MZK
|r Sklad / do 24 hodin
|n 1
|w 001576610
|u 000010
|a 1
|e BOA001
|j MZK50
|s P
|
| 996 |
6 |
|
|b BC-2597765
|c 2-0156.657
|l MZK
|r Sklad / do 24 hodin
|n 0
|w 001576610
|u 000020
|a 1
|e BOA001
|j MZK50
|s P
|